AH International Schools' Libraries

Look, Listen, and Learn / (Record no. 48008)

MARC details
000 -LEADER
fixed length control field 00309nam a2200109 4500
020 ## - INTERNATIONAL STANDARD BOOK NUMBER
International Standard Book Number 9780439046053
100 ## - MAIN ENTRY--PERSONAL NAME
Personal name Chanko, Pamela,
Relator term author.
9 (RLIN) 63953
245 ## - TITLE STATEMENT
Title Look, Listen, and Learn /
Remainder of title by Pamela Chanko Susan Canizares.
260 ## - PUBLICATION, DISTRIBUTION, ETC. (IMPRINT)
Place of publication, distribution, etc USA :
Name of publisher, distributor, etc Scholastic ;
Date of publication, distribution, etc 1999.
650 ## - SUBJECT ADDED ENTRY--TOPICAL TERM
9 (RLIN) 85057
Topical term or geographic name as entry element Senses
942 ## - ADDED ENTRY ELEMENTS (KOHA)
Source of classification or shelving scheme
Koha item type Book
Holdings
Withdrawn status Lost status Source of classification or shelving scheme Damaged status Not for loan Home library Current library Date acquired Total Checkouts Full call number Barcode Date last seen Date checked out Price effective from Koha item type Public note
          Logos International School Logos International School 12/02/2024 2 E 612.84 CAN 040194 02/12/2026 01/17/2025 12/02/2024 Book Basket 18

For any Logos Library related questions please contact Miss Art at swongnarasuk@asianhope.org.

For any Asian Hope Library related questions please contact Miss Raza at graza@asianhope.org.

Powered by Koha